000 00366nam a2200133Ia 4500
008 231129s1978||||xx |||||||||||||| ||spa||
020 _a84-02-05621-0
082 _aHAJ- 0194
100 _aCastells Paulino
245 0 _aEl hijo subnormal
260 _c1978
264 _aBarcelona EspaƱa: Bruguera 1978
942 _2ddc
_cBKS
999 _c11235
_d11235